BOYD'S TEXTBOOK OF PATHOLOGY-2 (Record no. 11326)
[ view plain ]
| 000 -LEADER | |
|---|---|
| fixed length control field | 00361nam a22001577a 4500 |
| 003 - CONTROL NUMBER IDENTIFIER | |
| control field | SGT |
| 020 ## - INTERNATIONAL STANDARD BOOK NUMBER | |
| International Standard Book Number | 978-93-5129042-1 |
| 082 ## - DEWEY DECIMAL CLASSIFICATION NUMBER | |
| Classification number | 616.07 |
| Item number | B13B |
| 100 ## - MAIN ENTRY--PERSONAL NAME | |
| Personal name | BHARDWAJ, J.R,ED. |
| 245 ## - TITLE STATEMENT | |
| Title | BOYD'S TEXTBOOK OF PATHOLOGY-2 |
| 250 ## - EDITION STATEMENT | |
| Edition statement | 10TH |
| 260 ## - PUBLICATION, DISTRIBUTION, ETC. (IMPRINT) | |
| Place of publication, distribution, etc | NEW DELHI |
| Name of publisher, distributor, etc | WALTERS KLUWER PUB |
| Year of Publication | 2013 |
| 300 ## - PAGE DESCRIPTION | |
| No. of Pages | 1815+I51 |
| 650 ## - SUBJECT ADDED ENTRY--TOPICAL TERM | |
| Topical term or geographic name as entry element | AYURVEDA |
| 942 ## - ADDED ENTRY ELEMENTS (KOHA) | |
| Source of classification or shelving scheme | Dewey Decimal Classification |
| Koha item type | Books |
| Withdrawn status | Lost status | Source of classification or shelving scheme | Damaged status | Use restrictions | Not for loan | Collection code | Home library | Current library | Shelving location | Date acquired | Vendor Name | Cost, normal purchase price | Volume Information (Serial or Books or Non-Book Material) | SGTU | Bill Number | Full call number | Accession No. (Barcode) | Date last seen | Bill Date | Koha item type |
|---|---|---|---|---|---|---|---|---|---|---|---|---|---|---|---|---|---|---|---|---|
| Dewey Decimal Classification | Restricted Access | AYURVEDA | SGT FA-FP Library | SGT FA-FP Library | Reference Book | 27/03/2017 | AHUJA PUB | 1995.00 | 2 | SGTU | 7718 | 616.07 B13B | FA5603 | 27/03/2017 | 11/02/2017 | Books | ||||
| Dewey Decimal Classification | Restricted Access | AYURVEDA | SGT FA-FP Library | SGT FA-FP Library | Reference Book | 27/03/2017 | AHUJA PUB | 1995.00 | 2 | SGTU | 7718 | 616.07 B13B | FA5604 | 27/03/2017 | 11/02/2017 | Books | ||||
| Dewey Decimal Classification | Restricted Access | AYURVEDA | SGT FA-FP Library | SGT FA-FP Library | Reference Book | 27/03/2017 | AHUJA PUB | 1995.00 | 2 | SGTU | 7718 | 616.07 B13B | FA5605 | 27/03/2017 | 11/02/2017 | Books | ||||
| Dewey Decimal Classification | Restricted Access | AYURVEDA | SGT FA-FP Library | SGT FA-FP Library | Reference Book | 27/03/2017 | AHUJA PUB | 1995.00 | 1 | SGTU | 7718 | 616.07 B13B | FA5606 | 27/03/2017 | 11/02/2017 | Books | ||||
| Dewey Decimal Classification | Restricted Access | AYURVEDA | SGT FA-FP Library | SGT FA-FP Library | Reference Book | 27/03/2017 | AHUJA PUB | 1995.00 | 1 | SGTU | 7718 | 616.07 B13B | FA5607 | 27/03/2017 | 11/02/2017 | Books | ||||
| Dewey Decimal Classification | Restricted Access | AYURVEDA | SGT FA-FP Library | SGT FA-FP Library | Reference Book | 27/03/2017 | AHUJA PUB | 1995.00 | 1 | SGTU | 7718 | 616.07 B13B | FA5608 | 27/03/2017 | 11/02/2017 | Books |